🌎☆Jižní Amerika☆ - Statistics

General Stats
  • This quiz has been taken 50 times
    48 since last reset
  • The average score is 6 of 15
Answer Stats
Question Answer % Correct
Jak se nazývá v jižní Americe souostroví Falklandy? Malvíny
67%
Jak se jmenuje Venezuelský komunistický diktátor, který se chopil moci po smrti Huga Cháveze? Nicolás Maduro
67%
Která z těchto řek neprotéká Jižní Amerikou? Bravo
60%
Se kterým z těchto států nedousedí Brazílie? Ekvádor
53%
Ve které zemi zemřel marxistický revolucionář Che Guevara? Bolívie
47%
Co z uvedených informací o Bolívii není pravda? Bolívie má podobně jako Jihoafrická republika 3 hlavní města.
47%
Které z těchto nechvalně proslulých měst se nenachází v Kolumbii? Guadalajara
47%
Které z těchto brailských měst se nenachází u pobřeží? Manaus
47%
Který stát ztratil během války v 19. století více než 75% obyvatel a byl nucen zavést mnohoženství? Paraguay
40%
Jak se jmenuje venezuelský ostrov, který se narozdíl od zbytku země nepotýká s ekonomickou krizí a slouží jako letovisko? Isla de Margarita
33%
Které z těchto měst nebylo součástí Inské říše? Tenochtitlán
33%
Francouzská Guyana je pro Francii... Zámořsky department
33%
Jak se nazývala smlouva pomocí níž si Španělé a Portugalci rozdělili sféru vlivu v Jižní Americe? Tordesillaská smlouva
27%
Které z těchto španělských místokrálovství se nenacházelo v Jižní Americe? Místokrálovství Nové Španělsko
20%
Jakým způsobem popravy se proslavil chilský diktátor Augusto Pinochet? Vyhozením z helikoptéry
7%
No matching quizzes found
Score Distribution
Percent of People with Each Score
Percentile by Number Answered
Your Score History
You have not taken this quiz since the last reset